Дело об общем понижении окладов выкупных платежей по указу 28 декабря 1881 года по Тульской губернии (с приложением 12 ведомосте...

Доступно только в Электронных читальных залах Найти на картеНа карте
RUSMARC
00003519nmc2a2200000 x 450
0010f13891c-ea9f-4761-a4a9-e96e78b193c2
00520160105075331.0
100##$a20150225l18821883k l0rusy0189 ca
1010#$arus
102##$aRU
2001#$aДело об общем понижении окладов выкупных платежей по указу 28 декабря 1881 года по Тульской губернии (с приложением 12 ведомостей)
$j27 октября 1882 г. - 23 августа 1883 г.
251##$cДело
300##$aДело
801#0$aRU
$bРГИА
$c20150225
$gRCR
801#1$aRU
$bГлавНИВЦ
$c20150225
$2rusmarc
801#2$aRU
$bПБ им. Б.Н. Ельцина
$c20160105
$gRCR
$2rusmarc
850##$aРГИА
852##$aРГИА
$eФедеральное казенное учреждение "Российский государственный исторический архив" (РГИА)
$j878
937##$hРГИА
$d11190632
$aASBIBLIO_SCAN
462#0$10013826a62a-52d3-408e-b545-2019664385f0
$12001
$a1861-1895 гг.
$1251
$cОпись
$1852
$j50
461#0$10018ef30ad5-ff5c-4840-a721-74c62a200f95
$12001
$aГлавное выкупное учреждение Министерства финансов
$1251
$cФонд
$1852
$j577
215##$a27 л.
$d36,5x26 см
371##$aДокумент не является опубликованным и широко распространяемым
105##$ay###
1222#$ad
035##$a0f13891c-ea9f-4761-a4a9-e96e78b193c2
Формат отображения